000 01225nam0a2200373 i 4500
001 RU\NLR\BIBL_A\010010630
005 20240726094357.0
010 _a9785912824630
_bЛеда
010 _a978-5-00033-048-7
_bАлфея
_97000
021 _aRU
_b2013-85041
_95886
035 _a(NILC)RuMoRGB-006683898
035 _a(NLR Aleph) 010010630
090 _a9852245
_c9852245
100 _a20131204d2013 bm y0rusy50 ca
101 0 _arus
102 _aRU
105 _aa|||z||||00gy
200 1 _aВо дворе
_e[стихи
_eдля чтения взрослыми детям дошкольного возраста
_fТ. С. Аксаментова]
210 _aСмоленск
_cЛеда
_dcop. 2013
_cАлфея
215 _a[9] с.
_cцв. ил.
_d14
225 1 _aСерия "Весёлые глазки"
300 _aАвт. указан в вып. дан.
333 _a0+
675 _a821.161.1-93
686 0 _aШ9(2)60=Р7-5
700 1 _aАксаментова
_bЕ. С.
801 0 _aRU
_bRuMoRKP
_c20131021
_gRCR
801 2 _aRU
_bРГБ
_c20131029
_grcr
801 1 _aRU
_bRuMoRKP
_c20131021
_2rusmarc
942 _cBOOK
980 _aNBR